[Event "European Blitz 2016"]
[Site "Tallinn EST"]
[Date "2016.12.18"]
[Round "19.26"]
[White "Neiksans, Arturs"]
[Black "Lobanov, Sergei"]
[Result "0-1"]
[WhiteTitle "GM"]
[WhiteElo "2631"]
[BlackElo "2429"]
[WhiteFideId "11601388"]
[BlackFideId "24183750"]
[EventDate "2016.12.17"]

1. d4 Nf6 2. Nf3 e6 3. c4 d5 4. Nc3 Be7 5. Bf4 O-O 6. Rc1 dxc4 7. e3 a6 8. Bxc4
b5 9. Bd3 Bb7 10. O-O Nbd7 11. Bb1 c5 12. Qe2 cxd4 13. exd4 Nb6 14. Rfd1 Rc8 15.
Ne5 Nbd5 16. Bg3 Qb6 17. Ne4 Rxc1 18. Rxc1 Qxd4 19. Ng5 Nf4 20. Bxf4 Qxf4 21.
Qe3 Qxe3 22. fxe3 Nd5 23. Ngf3 Nxe3 24. Rc7 Bxf3 25. Rxe7 Bd5 26. Ra7 f6 27. Nd3
Nxg2 28. Nc5 Nh4 29. Rxa6 Nf3+ 30. Kf2 Nd4 31. Rb6 e5 32. b3 Ra8 33. Na6 Rc8 34.
Bd3 Rc6 35. Rb8+ Kf7 36. Nb4 Rd6 37. Bxb5 Nxb5 38. Rxb5 Be4 39. a4 Ke6 40. a5 f5
41. a6 f4 42. a7 Rd2+ 43. Ke1 Rb2 44. Rb6+ Kf5 45. Nc6 Ra2 46. Ne7+ Kg4 47. Rb8
Rxa7 48. Nc8 Ra2 49. Nd6 Bd3 50. Re8 e4 51. Kd1 e3 52. Kc1 e2 53. Nc4 Bxc4 54.
bxc4 f3 0-1

[Event "European Blitz 2016"]
[Site "Tallinn EST"]
[Date "2016.12.18"]
[Round "19.27"]
[White "Halkias, Stelios"]
[Black "Troyke, Christian"]
[Result "1-0"]
[WhiteTitle "GM"]
[BlackTitle "IM"]
[WhiteElo "2585"]
[BlackElo "2347"]
[WhiteFideId "4201809"]
[BlackFideId "4616278"]
[EventDate "2016.12.17"]

1. e4 c5 2. Nf3 g6 3. d4 cxd4 4. Nxd4 Bg7 5. c4 Nc6 6. Be3 Nf6 7. Nc3 O-O 8. Be2
b6 9. O-O Bb7 10. f3 Qb8 11. Qd2 Rd8 12. Rad1 d6 13. Nxc6 Bxc6 14. Kh1 Rd7 15.
b3 Qf8 16. a4 Rad8 17. Bd4 e6 18. Qg5 h6 19. Qh4 g5 20. Qf2 Nh5 21. Rd2 Nf4 22.
Rfd1 f5 23. exf5 Qxf5 24. Bxg7 Kxg7 25. Bd3 Qf6 26. Ne2 d5 27. Nxf4 gxf4 28. c5
d4 29. cxb6 axb6 30. Re1 Bd5 31. b4 e5 32. a5 bxa5 33. bxa5 Rc8 34. a6 Bc4 35.
Qe2 Bxd3 36. Qxd3 Rc3 37. Qb5 Re7 38. h3 Ra3 39. Qc5 Rxa6 40. Rxd4 Rc6 41. Qa3
Rce6 42. Rde4 Re8 43. Qd3 R8e7 44. Qd5 Re8 45. Rb1 R8e7 46. Rb8 Qg6 47. Qd8 Kf6
48. Qh8+ Qg7 49. Rf8+ Rf7 50. Rxf7+ Kxf7 51. Qd8 Qf6 52. Qd5 Kg6 53. Rb4 Rd6 54.
Qg8+ Qg7 55. Qe8+ Qf7 56. Qxe5 Qf6 57. Qe4+ Kg7 58. Rb7+ Kf8 59. Ra7 Re6 60.
Qb4+ Rd6 61. Rd7 Qa1+ 62. Kh2 1-0

[Event "European Blitz 2016"]
[Site "Tallinn EST"]
[Date "2016.12.18"]
[Round "19.29"]
[White "Tregubov, Pavel V."]
[Black "Meskovs, Nikita"]
[Result "1/2-1/2"]
[WhiteTitle "GM"]
[BlackTitle "IM"]
[WhiteElo "2585"]
[BlackElo "2489"]
[WhiteFideId "4115341"]
[BlackFideId "11602740"]
[EventDate "2016.12.17"]

1. d4 Nf6 2. c4 c5 3. d5 e6 4. Nc3 exd5 5. cxd5 d6 6. Nf3 g6 7. Bf4 a6 8. a4 Bg7
9. h3 O-O 10. e3 Ne8 11. Be2 Nd7 12. O-O Rb8 13. Re1 Qe7 14. Bf1 Nc7 15. a5 b5
16. axb6 Rxb6 17. Qc2 Rb4 18. Nd2 Nb6 19. e4 Nb5 20. Bxb5 axb5 21. Bh2 Bd4 22.
Nf3 Nc4 23. b3 Ne5 24. Nxd4 Rxd4 25. Nxb5 Rb4 26. Na7 Bb7 27. Qc3 Re8 28. f3 h5
29. Bxe5 Qxe5 30. Qxe5 Rxe5 31. Nc6 Bxc6 32. dxc6 Re7 33. Red1 Rxb3 34. Rxd6 Rc7
35. Rc1 Rb5 36. Kf2 Kf8 37. e5 h4 38. f4 Ke7 39. Kf3 Rb3+ 40. Ke4 Rb4+ 41. Kd5
Rxf4 42. Kxc5 Ra4 43. Rb1 Ra5+ 44. Rb5 Ra6 45. Rb7 Rxc6+ 46. Rxc6 Rxb7 47. Kd5
Rb2 48. Rc4 Rd2+ 49. Rd4 Rxg2 50. Rxh4 Rd2+ 51. Ke4 Ra2 52. Rh8 Ra4+ 53. Kd5
Ra5+ 54. Ke4 Ra4+ 55. Kd5 Ra5+ 56. Ke4 1/2-1/2

[Event "European Blitz 2016"]
[Site "Tallinn EST"]
[Date "2016.12.18"]
[Round "19.30"]
[White "Ahvenjarvi, Jani"]
[Black "Zubritskiy, Artyom"]
[Result "0-1"]
[WhiteTitle "FM"]
[BlackTitle "IM"]
[WhiteElo "2317"]
[BlackElo "2442"]
[WhiteFideId "507571"]
[BlackFideId "4181247"]
[EventDate "2016.12.17"]

1. e4 c5 2. Nf3 d6 3. d4 cxd4 4. Nxd4 Nf6 5. f3 e5 6. Nb3 Be6 7. c4 Be7 8. Be3
O-O 9. Nc3 Nbd7 10. Be2 Nb6 11. Nd5 Nfxd5 12. cxd5 Bd7 13. O-O Bg5 14. Qd2 Bxe3+
15. Qxe3 Na4 16. Qd2 Qb6+ 17. Kh1 Rac8 18. Rac1 h6 19. Bd3 Rxc1 20. Rxc1 Rc8 21.
Rxc8+ Bxc8 22. h3 Bd7 23. Kh2 Kf8 24. h4 Qc7 25. g3 Qb6 26. Kg2 Ke7 27. Bb1 Qc7
28. Bd3 Qb6 29. Kh2 Qc7 30. Kg2 Qb6 31. Kh2 Nc5 32. Nxc5 Qxc5 33. Kg2 Qd4 34.
Qc2 Kd8 35. Be2 Qe3 36. a3 g5 37. hxg5 hxg5 38. g4 Qd4 39. Bf1 Qe3 40. Be2 f6
41. Qd3 Qc1 42. Qc3 Qxc3 43. bxc3 Kc7 44. Kf2 Kb6 45. Ke3 Ka5 46. Bd1 Ba4 47.
Be2 Bb3 48. Kd2 Ka4 49. c4 b6 50. Kc3 Kxa3 51. Bd3 a5 52. Be2 Ba4 53. Bf1 Bd1
54. Bg2 Be2 55. Bh1 Bf1 56. Kd2 Kb4 57. Ke1 Bxc4 58. Bg2 Kc3 59. Kd1 Kb2 60. Kd2
a4 61. Bf1 Bxf1 0-1

[Event "European Blitz 2016"]
[Site "Tallinn EST"]
[Date "2016.12.18"]
[Round "19.31"]
[White "Hartikainen, Markku"]
[Black "Karttunen, Mika"]
[Result "1-0"]
[WhiteTitle "FM"]
[BlackTitle "IM"]
[WhiteElo "2300"]
[BlackElo "2455"]
[WhiteFideId "501417"]
[BlackFideId "502081"]
[EventDate "2016.12.17"]

1. e4 d6 2. d4 Nf6 3. Nc3 e5 4. Nf3 Nbd7 5. Bc4 Be7 6. O-O O-O 7. Re1 c6 8. a4
b6 9. b3 Bb7 10. Ba3 a6 11. d5 cxd5 12. Nxd5 Nxd5 13. Bxd5 Bxd5 14. Qxd5 Qc7 15.
c4 Nc5 16. Re3 Kh8 17. Rd1 Rad8 18. Rc3 h6 19. Ne1 f5 20. exf5 Rxf5 21. Rf3 Rdf8
22. Bxc5 Qxc5 23. Qxc5 bxc5 24. Rxf5 Rxf5 25. Nc2 Rf4 26. g3 Rf8 27. Ne3 g6 28.
Nd5 Bd8 29. Nc3 Be7 30. Ne4 Rd8 31. f3 Kg7 32. Kf2 Rb8 33. Rd3 Rd8 34. Ke3 Kf7
35. Nc3 Ke6 36. Ke4 Rf8 37. Nd5 Bd8 38. Nc3 Ba5 39. Ne2 Bb4 40. Rd1 Ba3 41. Nc3
Bb2 42. Nd5 Bd4 43. Nc7+ Kd7 44. Nd5 Rb8 45. Rd3 Rb7 46. Nf6+ Ke6 47. Nd5 Rf7
48. Rd1 Rb7 49. Rd3 h5 50. h4 Rg7 51. f4 Rf7 52. Rd1 Rb7 53. Rd3 Rb8 54. Nc7+
Kd7 55. Nd5 Rb7 56. Nf6+ Ke6 57. Nd5 Rf7 58. Rf3 Rf8 59. fxe5 Rxf3 60. Kxf3 Kxe5
61. Nc7 a5 62. Nd5 Kf5 63. Ne7+ Kf6 64. Nc6 Bc3 65. Na7 Ke6 66. Nb5 Be5 67. Nc7+
Kf5 68. Nd5 g5 69. Ne3+ Kg6 70. hxg5 Kxg5 71. Nd5 Kf5 72. Ne3+ Ke6 73. Nd5 Bd4
74. Nf4+ Kf5 75. Nxh5 Be5 76. Nf4 Kg5 77. Nd3 Bd4 78. Nf2 Kf5 79. g4+ Ke5 80.
Nd3+ Ke6 81. Kf4 d5 82. g5 Bg1 83. Kg4 Be3 84. Nf4+ Bxf4 85. Kxf4 d4 86. Ke4 Kf7
87. b4 axb4 88. a5 b3 89. Kd3 Ke6 90. a6 1-0

[Event "European Blitz 2016"]
[Site "Tallinn EST"]
[Date "2016.12.18"]
[Round "19.32"]
[White "Reprintsev, Alexander"]
[Black "Kazakovskiy, Valeriy"]
[Result "0-1"]
[WhiteTitle "IM"]
[BlackTitle "IM"]
[WhiteElo "2321"]
[BlackElo "2430"]
[WhiteFideId "14100541"]
[BlackFideId "13507443"]
[EventDate "2016.12.17"]

1. Nc3 Nf6 2. e4 e5 3. Bc4 Nc6 4. d3 Na5 5. Bb5 a6 6. Ba4 b5 7. Bb3 Nxb3 8. axb3
c6 9. f4 d6 10. Nf3 Qc7 11. O-O Be7 12. Kh1 O-O 13. Be3 Ng4 14. Bd2 f5 15. fxe5
Nxe5 16. Nxe5 dxe5 17. exf5 Bxf5 18. Qe2 Bc5 19. Ne4 Bd4 20. Bc3 c5 21. Ba5 Qc6
22. c3 c4 23. bxc4 bxc4 24. Rfe1 cxd3 25. Qxd3 Ba7 26. Qe2 Rfe8 27. Bb4 Bb8 28.
Ng3 Bg6 29. h4 e4 30. Qg4 e3 31. h5 Bd3 32. Nf5 Bxf5 33. Qxf5 Bg3 34. Re2 Re5
35. Qg4 Bf2 36. Rf1 Qd5 37. Rexf2 Rxh5+ 38. Kg1 exf2+ 39. Rxf2 Rg5 40. Qf3 Qxf3
41. Rxf3 a5 42. Ba3 h6 43. Rf4 Rd8 44. Rf2 Rd1+ 45. Kh2 h5 46. Be7 Rg4 47. g3
Rd3 48. Bh4 a4 49. Rf5 g6 50. Ra5 Re4 51. Bg5 Re2+ 52. Kh3 Rxb2 53. Ra8+ Kf7 54.
Ra7+ Ke6 55. Rxa4 Rc2 56. Ra6+ Kf5 57. Bf6 g5 58. Bg7 h4 59. Ra5+ Kg6 60. Be5
Rcxc3 61. Bxc3 Rxg3+ 62. Kh2 Rxc3 63. Ra8 Rc2+ 64. Kh3 Rc3+ 65. Kh2 Kh5 66. Ra4
Rc2+ 67. Kg1 h3 68. Ra8 Kh4 69. Ra3 g4 70. Ra1 Re2 71. Kf1 Re3 72. Kf2 Rf3+ 73.
Kg1 Kg3 74. Ra2 Rb3 75. Rg2+ Kh4 76. Rc2 Rb1+ 77. Kf2 g3+ 78. Kf3 g2 79. Rc4+
Kh5 80. Rc5+ Kg6 81. Rc6+ Kf7 82. Rc7+ Ke8 83. Rg7 g1=Q 0-1

[Event "European Blitz 2016"]
[Site "Tallinn EST"]
[Date "2016.12.18"]
[Round "20.1"]
[White "Andreikin, Dmitry"]
[Black "Andriasian, Zaven"]
[Result "1/2-1/2"]
[WhiteTitle "GM"]
[BlackTitle "GM"]
[WhiteElo "2737"]
[BlackElo "2621"]
[WhiteFideId "4158814"]
[BlackFideId "13302000"]
[EventDate "2016.12.17"]

1. d4 Nf6 2. c4 c5 3. Nf3 cxd4 4. Nxd4 Nc6 5. Nc3 e6 6. a3 Be7 7. g3 b6 8. Nxc6
dxc6 9. Bf4 O-O 10. Bg2 Bb7 11. O-O Nh5 12. Be5 Qc8 13. e4 Nf6 14. Bf4 Rd8 15.
Qe2 c5 16. Rfd1 Qc6 17. Nb5 a6 18. Nc3 h6 19. h3 Rd4 20. Be5 Rdd8 21. a4 Nd7 22.
Bf4 Nf8 23. Be3 Bf6 24. f3 Bd4 25. Qf2 Qd6 26. f4 e5 27. Nd5 Bxd5 28. cxd5 Nd7
29. Rac1 Rac8 30. b3 Re8 31. Rf1 Nf6 32. f5 b5 33. axb5 axb5 34. g4 Qb6 35. Rfd1
Qa5 36. Bf3 Qb4 37. Rb1 Ra8 38. Bxd4 exd4 39. Qe1 Qxe1+ 40. Rxe1 Nd7 41. Be2
Rab8 42. Bf1 Ne5 43. Red1 c4 44. Kf2 d3 45. Ke3 f6 46. Ra1 Rbc8 47. Kd4 d2 48.
bxc4 bxc4 49. Kc3 Nf3 50. Bg2 Rxe4 51. Bxf3 Re3+ 52. Kd4 Rxf3 53. Rxd2 c3 54.
Rc2 Rxh3 55. d6 Rd8 56. Ra6 h5 57. gxh5 Rxh5 58. Ke4 Rh3 59. Kd5 Rd3+ 60. Kc5
Rc8+ 61. Rc6 Rd8 62. Ra6 Rc8+ 63. Rc6 Rd8 64. Ra6 Rc8+ 65. Rc6 1/2-1/2

[Event "European Blitz 2016"]
[Site "Tallinn EST"]
[Date "2016.12.18"]
[Round "20.2"]
[White "Mamedov, Rauf"]
[Black "Wojtaszek, Radoslaw"]
[Result "1-0"]
[WhiteTitle "GM"]
[BlackTitle "GM"]
[WhiteElo "2688"]
[BlackElo "2749"]
[WhiteFideId "13401653"]
[BlackFideId "1118358"]
[EventDate "2016.12.17"]

1. e4 c6 2. Nc3 d5 3. Nf3 Bg4 4. h3 Bxf3 5. Qxf3 e6 6. d3 Nd7 7. Be2 g6 8. Qg3
Bg7 9. h4 Qb8 10. Bf4 Be5 11. Bxe5 Qxe5 12. f4 Qd4 13. h5 Ne7 14. O-O-O O-O-O
15. Kb1 Nf6 16. Qh4 Rd7 17. Bf3 Ne8 18. Ne2 Qg7 19. Qf2 Kb8 20. e5 g5 21. h6 Qg8
22. g3 g4 23. Bg2 f5 24. exf6 Nxf6 25. Nd4 Ne8 26. Rhe1 Nc7 27. Re5 Qf7 28. Rde1
Ng6 29. Rg5 e5 30. Rf5 Qe7 31. fxe5 c5 32. e6 Rd6 33. Rf7 Qe8 34. Nb3 Rxe6 35.
Rxe6 Qxe6 36. Nxc5 Qc6 37. a3 Re8 38. Rxh7 Ne5 39. Nb3 Qg6 40. Rxc7 Kxc7 41.
Bxd5 Qxh6 42. Qxa7 Qb6 43. Qa4 Rd8 44. Qe4 Nf3 45. Qxg4 Rxd5 46. Qxf3 Qc6 1-0

[Event "European Blitz 2016"]
[Site "Tallinn EST"]
[Date "2016.12.18"]
[Round "20.3"]
[White "Leko, Peter"]
[Black "Bologan, Victor"]
[Result "1/2-1/2"]
[WhiteTitle "GM"]
[BlackTitle "GM"]
[WhiteElo "2693"]
[BlackElo "2640"]
[WhiteFideId "703303"]
[BlackFideId "13900048"]
[EventDate "2016.12.17"]

1. e4 c5 2. Nf3 d6 3. d4 cxd4 4. Nxd4 Nf6 5. Nc3 a6 6. Be3 e5 7. Nf3 Be7 8. Bc4
O-O 9. O-O Nc6 10. Bg5 Be6 11. Bb3 Nd7 12. Bxe7 Qxe7 13. Nd5 Qd8 14. Qd2 Nc5 15.
Rfe1 Ne7 16. Nc3 Nxb3 17. axb3 Qc7 18. Ng5 Rad8 19. Nxe6 fxe6 20. Qe3 Nc6 21.
Rad1 Nd4 22. Rd2 b5 23. Qd3 Qc5 24. Nd1 a5 25. Ne3 a4 26. b4 Qc6 27. c3 Nb3 28.
Rdd1 Rd7 29. Nc2 d5 30. exd5 Rxd5 31. Qe2 Rfd8 32. Rxd5 Rxd5 33. Rd1 Qd7 34.
Rxd5 Qxd5 35. Ne3 Qd7 36. Qc2 Nd2 37. h3 e4 38. Qd1 Qd3 39. Qh5 g6 40. Qe5 Kf7
41. Qc7+ Kg8 42. Kh2 Nf1+ 43. Nxf1 Qxf1 44. Qc5 Qd3 45. Qe5 Qd5 46. Qc7 1/2-1/2

[Event "European Blitz 2016"]
[Site "Tallinn EST"]
[Date "2016.12.18"]
[Round "20.4"]
[White "Saric, Ivan"]
[Black "Vitiugov, Nikita"]
[Result "1-0"]
[WhiteTitle "GM"]
[BlackTitle "GM"]
[WhiteElo "2652"]
[BlackElo "2726"]
[WhiteFideId "14508150"]
[BlackFideId "4152956"]
[EventDate "2016.12.17"]

1. e4 c5 2. Nf3 e6 3. d4 cxd4 4. Nxd4 a6 5. Bd3 Ne7 6. O-O Nbc6 7. c3 Ng6 8. Be3
Be7 9. Nd2 Qc7 10. f4 b5 11. a4 b4 12. Nxc6 dxc6 13. Nc4 O-O 14. Nb6 Rb8 15. a5
c5 16. Qe2 Bb7 17. cxb4 Rbd8 18. Rac1 Qd6 19. Bxa6 Bxa6 20. Qxa6 cxb4 21. Qc4
Qb8 22. a6 Bd6 23. e5 Be7 24. Qc7 Rd3 25. Qxb8 Rxb8 26. a7 Re8 27. Bc5 Bxc5+ 28.
Rxc5 1-0

[Event "European Blitz 2016"]
[Site "Tallinn EST"]
[Date "2016.12.18"]
[Round "20.5"]
[White "Vallejo Pons, Francisco"]
[Black "Pavlidis, Antonios"]
[Result "1-0"]
[WhiteTitle "GM"]
[BlackTitle "GM"]
[WhiteElo "2711"]
[BlackElo "2532"]
[WhiteFideId "2205530"]
[BlackFideId "4212312"]
[EventDate "2016.12.17"]

1. d4 Nf6 2. c4 g6 3. g3 Bg7 4. Bg2 O-O 5. Nc3 d6 6. Nf3 Nc6 7. O-O e5 8. dxe5
dxe5 9. Bg5 Be6 10. Qc1 Qc8 11. Rd1 Bh3 12. Bxf6 Bxf6 13. Nd5 Bd8 14. Qh6 Bxg2
15. Kxg2 Qg4 16. h4 f6 17. Ne3 Qh5 18. Qxh5 gxh5 19. Nf5 e4 20. N3d4 Nxd4 21.
Rxd4 Re8 22. Rad1 Be7 23. Rxe4 Bc5 24. Rxe8+ Rxe8 25. e3 Re6 26. Rd7 Rc6 27. b3
Bf8 28. Kf3 a5 29. Nd4 Rc5 30. Ne6 Rf5+ 31. Ke2 Bd6 32. Nxc7 Bb4 33. Nd5 Ba3 34.
Rxb7 1-0

[Event "European Blitz 2016"]
[Site "Tallinn EST"]
[Date "2016.12.18"]
[Round "20.6"]
[White "Bortnyk, Olexandr"]
[Black "Ponkratov, Pavel"]
[Result "0-1"]
[WhiteTitle "GM"]
[BlackTitle "GM"]
[WhiteElo "2581"]
[BlackElo "2607"]
[WhiteFideId "14120828"]
[BlackFideId "4157800"]
[EventDate "2016.12.17"]

1. Nf3 Nf6 2. e3 c5 3. b3 g6 4. Bb2 Bg7 5. c4 O-O 6. d4 cxd4 7. Nxd4 d5 8. Nd2
e5 9. N4f3 d4 10. exd4 exd4 11. Bxd4 Nc6 12. Bc3 Re8+ 13. Be2 Qe7 14. Kf1 Bf5
15. Nh4 Rad8 16. Nxf5 gxf5 17. Qe1 Nd4 18. Bd3 Qd7 19. Qb1 Nxb3 20. Nxb3 Qxd3+
21. Qxd3 Rxd3 22. Bxf6 Bxf6 23. Rc1 Bb2 24. Rb1 Ba3 25. g3 Rc3 26. Nd4 Rxc4 27.
Nxf5 Bc5 28. Kg2 Re5 29. Nh4 Re2 30. Rxb7 Rxf2+ 31. Kh3 Ra4 32. Rc1 Bb6 33. Rc8+
Kg7 34. Rbb8 Raxa2 35. Kg4 Ra4+ 36. Kh3 h5 37. Rg8+ Kf6 38. Rh8 Raa2 39. Rxh5
Rxh2+ 40. Kg4 Ra4+ 0-1

[Event "European Blitz 2016"]
[Site "Tallinn EST"]
[Date "2016.12.18"]
[Round "20.7"]
[White "Zhigalko, Sergei"]
[Black "Plat, Vojtech"]
[Result "0-1"]
[WhiteTitle "GM"]
[BlackTitle "IM"]
[WhiteElo "2671"]
[BlackElo "2532"]
[WhiteFideId "13502956"]
[BlackFideId "325740"]
[EventDate "2016.12.17"]

1. e4 d6 2. d4 Nf6 3. Nc3 e5 4. Nf3 Nbd7 5. Bc4 Be7 6. O-O O-O 7. a4 a5 8. Re1
c6 9. h3 Nb6 10. Bf1 Nfd7 11. Be3 exd4 12. Bxd4 Nc5 13. Qd2 Be6 14. b3 Qc7 15.
Qf4 Nbd7 16. Rad1 f6 17. Be3 Ne5 18. Nd4 Bf7 19. Qg3 Rfe8 20. f4 Ng6 21. h4 Bf8
22. h5 Ne7 23. h6 g6 24. f5 Nd7 25. Bc4 Ne5 26. Bxf7+ Nxf7 27. Ne6 Qd7 28. Bf4
g5 29. Nxg5 fxg5 30. Bxg5 Nxf5 31. Qg4 Ne5 32. Qxf5 Qxf5 33. exf5 d5 34. Kh2
Bxh6 35. Bxh6 Ng4+ 36. Kg3 Nxh6 37. Kf4 Nf7 38. g4 h6 39. Re2 Rxe2 40. Nxe2 Re8
41. Ng3 Ng5 42. Rh1 Kg7 43. f6+ Kg6 44. Nf5 Nf7 45. Ng7 Re4+ 46. Kf3 Kxf6 47.
Nf5 Ne5+ 48. Kg2 Rxg4+ 49. Ng3 Kg6 50. Re1 Rg5 51. Kh3 h5 52. Rf1 Nf7 53. Ne2
Re5 54. Nf4+ Kh6 55. Kg3 Ng5 56. Rh1 Re3+ 57. Kg2 Ne4 58. Rxh5+ Kg7 59. Rh3 Rxh3
60. Nxh3 Kf6 61. Kf3 Ng5+ 62. Nxg5 Kxg5 63. Ke3 Kf5 64. Kd4 b6 65. c3 Ke6 66. b4
Kd6 67. Kd3 c5 68. bxa5 bxa5 69. Ke3 Ke5 70. Kf3 Kf5 71. Ke3 Kg4 72. Kd3 Kf3 73.
Kd2 c4 74. Kc2 Ke2 75. Kc1 Kd3 76. Kb2 Kd2 77. Ka3 Kxc3 0-1

[Event "European Blitz 2016"]
[Site "Tallinn EST"]
[Date "2016.12.18"]
[Round "20.8"]
[White "Riazantsev, Alexander"]
[Black "Anton Guijarro, David"]
[Result "1/2-1/2"]
[WhiteTitle "GM"]
[BlackTitle "GM"]
[WhiteElo "2671"]
[BlackElo "2650"]
[WhiteFideId "4125029"]
[BlackFideId "2285525"]
[EventDate "2016.12.17"]

1. d4 Nf6 2. c4 e6 3. Nc3 Bb4 4. e3 O-O 5. Bd3 d5 6. Nf3 b6 7. cxd5 exd5 8. O-O
Bb7 9. Bd2 a6 10. Ne5 c5 11. a3 Bxc3 12. Bxc3 c4 13. Bc2 Nc6 14. f3 b5 15. Qd2
Nd7 16. Nxc6 Bxc6 17. e4 a5 18. Rae1 Qb6 19. Kh1 Rfb8 20. b4 cxb3 21. Bxb3 b4
22. axb4 axb4 23. Bb2 Qb7 24. Qg5 Nb6 25. Rc1 Bb5 26. Rfe1 Bc4 27. Qe3 h6 28. h3
Qd7 29. Rb1 Qe6 30. Bc1 Bxb3 31. Qxb3 Nc4 32. Bf4 Rb7 33. exd5 Qxd5 34. Rec1 Rc8
35. Qd3 g5 36. Bg3 Rc6 37. Rc2 Na5 38. Re2 Nc4 39. Re8+ Kg7 40. Ra1 Re6 41. Rxe6
Qxe6 42. d5 Qf6 43. Rb1 Nd6 44. Qe3 Nf5 45. Qe5 Nxg3+ 46. Qxg3 b3 47. Qf2 b2 48.
Qd2 Qe5 49. d6 Rd7 50. Qxb2 Qxb2 51. Rxb2 Rxd6 52. Kh2 Kg6 1/2-1/2

[Event "European Blitz 2016"]
[Site "Tallinn EST"]
[Date "2016.12.18"]
[Round "20.9"]
[White "Alekseev, Evgeny"]
[Black "Rakhmanov, Aleksandr"]
[Result "1/2-1/2"]
[WhiteTitle "GM"]
[BlackTitle "GM"]
[WhiteElo "2632"]
[BlackElo "2667"]
[WhiteFideId "4138147"]
[BlackFideId "4173708"]
[EventDate "2016.12.17"]

1. Nf3 Nf6 2. c4 d6 3. d4 g6 4. g3 Bg7 5. Bg2 c6 6. O-O O-O 7. Nc3 Bf5 8. b3 Ne4
9. Bb2 Nxc3 10. Bxc3 Be4 11. Rc1 e6 12. e3 d5 13. Re1 Nd7 14. Bf1 Bxf3 15. Qxf3
f5 16. b4 a6 17. Qd1 b5 18. cxd5 cxd5 19. a4 Qb6 20. Bd2 Rfc8 21. Qb3 Nf6 22. f3
Ne8 23. Rc5 Nd6 24. Bc3 Bf8 25. a5 Qd8 26. e4 Nc4 27. exd5 exd5 28. Qd1 Qd7 29.
f4 Re8 30. Bg2 Re4 31. Bxe4 fxe4 32. Qe2 Re8 33. Rd1 e3 34. Kg2 Re4 35. Rd3 Bxc5
36. bxc5 Re8 37. Rd1 Qe6 38. Qd3 e2 39. Re1 Ne3+ 40. Kg1 Nd1 41. Bd2 Nb2 42. Qf3
Nc4 43. Bb4 h5 44. Kf2 Qh3 45. Kg1 Qe6 46. Kf2 Qh3 47. Kg1 Qe6 48. Kf2 Qh3 49.
Kg1 Qe6 50. Kf2 1/2-1/2

[Event "European Blitz 2016"]
[Site "Tallinn EST"]
[Date "2016.12.18"]
[Round "20.10"]
[White "Zorko, Jure"]
[Black "Movsesian, Sergei"]
[Result "0-1"]
[WhiteTitle "IM"]
[BlackTitle "GM"]
[WhiteElo "2454"]
[BlackElo "2673"]
[WhiteFideId "14604051"]
[BlackFideId "310204"]
[EventDate "2016.12.17"]

1. d4 Nf6 2. Nf3 e6 3. e3 c5 4. c4 d5 5. Nc3 cxd4 6. exd4 Bb4 7. cxd5 Nxd5 8.
Bd2 O-O 9. Bd3 Nc6 10. O-O Nf6 11. Be3 Be7 12. a3 b6 13. Rc1 Bb7 14. Bb1 Rc8 15.
Qd3 g6 16. Ba2 Nb8 17. Ne5 Nbd7 18. Qe2 Re8 19. Rfd1 Nf8 20. d5 exd5 21. Qd2 Bc5
22. Bd4 Ne6 23. Bxc5 Nxc5 24. Qf4 Qe7 25. Nf3 Rcd8 26. h3 Ne6 27. Qa4 a6 28. Qb3
b5 29. Qc2 d4 30. Bxe6 Bxf3 31. gxf3 Qxe6 32. Ne2 0-1

[Event "European Blitz 2016"]
[Site "Tallinn EST"]
[Date "2016.12.18"]
[Round "20.11"]
[White "Ponomariov, Ruslan"]
[Black "Kovalenko, Igor"]
[Result "1-0"]
[WhiteTitle "GM"]
[BlackTitle "GM"]
[WhiteElo "2709"]
[BlackElo "2684"]
[WhiteFideId "14103320"]
[BlackFideId "14117908"]
[EventDate "2016.12.17"]

1. d4 Nf6 2. c4 e6 3. Nc3 Bb4 4. e3 c5 5. Ne2 d6 6. g3 d5 7. a3 Bxc3+ 8. Nxc3
cxd4 9. Qxd4 Nc6 10. Qd1 O-O 11. cxd5 exd5 12. Bg2 Bg4 13. f3 Be6 14. O-O d4 15.
exd4 Nxd4 16. Be3 Nf5 17. Bc5 Re8 18. Qxd8 Rexd8 19. Rfd1 b6 20. Bf2 Bb3 21.
Rxd8+ Rxd8 22. g4 Nd6 23. Bh4 Re8 24. Bf1 Nd7 25. Nb5 Re6 26. Nd4 Ne5 27. Bg3
Nxf3+ 28. Nxf3 Rg6 29. Ne5 Re6 30. Rc1 h5 31. gxh5 f6 32. Ng6 Bd5 33. Rd1 1-0

[Event "European Blitz 2016"]
[Site "Tallinn EST"]
[Date "2016.12.18"]
[Round "20.12"]
[White "Onischuk, Vladimir"]
[Black "Cvitan, Ognjen"]
[Result "0-1"]
[WhiteTitle "GM"]
[BlackTitle "GM"]
[WhiteElo "2601"]
[BlackElo "2491"]
[WhiteFideId "14114038"]
[BlackFideId "14500086"]
[EventDate "2016.12.17"]

1. e4 c5 2. Nf3 d6 3. d4 cxd4 4. Nxd4 Nf6 5. Nc3 g6 6. Be2 Bg7 7. O-O O-O 8. Re1
Nc6 9. Nb3 Be6 10. Bg5 Rc8 11. Bf1 Nd7 12. Qd2 Re8 13. Rad1 Nb6 14. Nd5 Bxd5 15.
exd5 Ne5 16. c3 Nec4 17. Qc2 Qd7 18. h3 h6 19. Bc1 Qa4 20. Qb1 Qd7 21. g3 a5 22.
Nd2 Nxd2 23. Rxd2 Rc5 24. Bg2 Nc4 25. Rde2 Rcc8 26. h4 h5 27. Bg5 Bf6 28. Bc1 b5
29. Qe4 Ne5 30. a3 Rc4 31. Qb1 b4 32. axb4 axb4 33. cxb4 Rxb4 34. Re4 Reb8 35.
Rxb4 Rxb4 36. Qc2 Qb7 37. Re4 Rb5 38. Re1 Rc5 39. Qa4 Nd3 40. Be3 Nxe1 41. Bxc5
Nxg2 42. Qc6 Qxb2 43. Bxd6 exd6 44. Qxd6 Ne1 0-1

[Event "European Blitz 2016"]
[Site "Tallinn EST"]
[Date "2016.12.18"]
[Round "20.13"]
[White "Dzhumagaliev, Yan"]
[Black "Matlakov, Maxim"]
[Result "1-0"]
[WhiteTitle "FM"]
[BlackTitle "GM"]
[WhiteElo "2400"]
[BlackElo "2694"]
[WhiteFideId "24100110"]
[BlackFideId "4168003"]
[EventDate "2016.12.17"]

1. e4 c5 2. Nf3 Nc6 3. Bb5 g6 4. O-O Bg7 5. c3 Nf6 6. e5 Nd5 7. d4 cxd4 8. cxd4
O-O 9. Nc3 Nc7 10. Ba4 d6 11. a3 dxe5 12. Bxc6 exd4 13. Nb5 bxc6 14. Nbxd4 c5
15. Nc6 Qe8 16. Nce5 Ne6 17. Qd5 Rb8 18. Re1 Bb7 19. Qd2 Bxf3 20. Nxf3 Qc6 21.
Rb1 Rfd8 22. Qa5 Qb6 23. Qa4 Qc7 24. Qh4 Bf6 25. Qg4 h5 26. Qc4 Nd4 27. Ng5 e6
28. Ne4 Be7 29. Be3 Qc6 30. f3 Qd5 31. Qa4 Rb3 32. Qxa7 Rd7 33. Qa4 Kg7 34. Nc3
Qb7 35. Bf4 Kh7 36. Be5 Bh4 37. Rf1 Bg5 38. Ne4 Be7 39. Nf6+ Bxf6 40. Bxf6 Rd5
41. Qe8 g5 42. Qh8+ Kg6 43. Qg7+ 1-0

[Event "European Blitz 2016"]
[Site "Tallinn EST"]
[Date "2016.12.18"]
[Round "20.14"]
[White "Navara, David"]
[Black "Grigoriants, Sergey"]
[Result "0-1"]
[WhiteTitle "GM"]
[BlackTitle "GM"]
[WhiteElo "2725"]
[BlackElo "2563"]
[WhiteFideId "309095"]
[BlackFideId "4130804"]
[EventDate "2016.12.17"]

1. d4 Nf6 2. c4 g6 3. Nf3 Bg7 4. g3 c5 5. d5 O-O 6. Nc3 d6 7. Bg2 e6 8. O-O exd5
9. cxd5 Re8 10. Bf4 Nh5 11. Bg5 Qd7 12. a4 Na6 13. Nd2 h6 14. Be3 Nb4 15. Nc4 b6
16. Nb5 Bf8 17. Qd2 Kh7 18. h3 Ba6 19. g4 Nf6 20. Bf4 Ne4 21. Qc1 Bxb5 22. axb5
Qxb5 23. f3 Nf6 24. Bxd6 Nfxd5 25. e4 Nd3 26. Qc2 N5b4 27. Qc3 Bg7 28. e5 Nf4
29. Rfe1 Nc6 30. Re4 Nd4 31. Rae1 Nd5 32. Qc1 Nb3 33. Qc2 Nd4 34. Qc1 Nb4 35.
R1e3 Na2 36. Qb1 Qxc4 37. b3 Qc1+ 38. Qxc1 Nxc1 0-1